[Event "TCh-CHN 2018"]
[Site "China CHN"]
[Date "2018.11.29"]
[Round "21.4"]
[Board "3"]
[White "Vallejo Pons, Francisco"]
[Black "Wang, Yiye"]
[Result "1-0"]
[WhiteTitle "GM"]
[BlackTitle "IM"]
[WhiteElo "2694"]
[BlackElo "2437"]
[WhiteTeam "Chengdu Beilei Youth Chess Club"]
[BlackTeam "Beijing Beiao team"]
[WhiteFideId "2205530"]
[BlackFideId "8606021"]
[EventDate "2018.04.11"]

1. e4 e6 2. d4 d5 3. Nc3 Nf6 4. e5 Nfd7 5. f4 c5 6. Nf3 Nc6 7. Be3 Qb6 8. Na4
Qa5+ 9. c3 b6 10. Bd2 c4 11. b4 Qa6 12. a3 Be7 13. g3 f5 14. h3 b5 15. Nc5 Nxc5
16. bxc5 Bd7 17. g4 O-O-O 18. gxf5 exf5 19. a4 bxa4 20. Rxa4 Qb5 21. Ra2 Kc7 22.
Bg2 Be6 23. O-O Rb8 24. Qe2 a5 25. Rfa1 Rhd8 26. Ne1 Rd7 27. Nc2 g6 28. Ne3 Bd8
29. Bf3 Kc8 30. Be1 h6 31. Kh1 Qa6 32. Ra3 Qb5 33. Bg3 Ne7 34. Ng2 Qb2 35. Qe1
Rb3 36. Rxb3 Qxb3 37. Bh4 g5 38. fxg5 Ng6 39. gxh6 Nxh4 40. Nxh4 Bxh4 41. Qxh4
Qxc3 42. Rf1 Qd3 43. Bg2 f4 44. Rf3 Qb1+ 45. Kh2 Rf7 46. Rxf4 Rxf4 47. Qxf4 Qf5
48. Qxf5 Bxf5 49. Bxd5 1-0

[Event "TCh-CHN 2018"]
[Site "China CHN"]
[Date "2018.11.29"]
[Round "21.4"]
[Board "4"]
[White "Wang, Jue"]
[Black "Gunina, Valentina"]
[Result "1/2-1/2"]
[WhiteTitle "WGM"]
[BlackTitle "GM"]
[WhiteElo "2367"]
[BlackElo "2497"]
[WhiteTeam "Beijing Beiao team"]
[BlackTeam "Chengdu Beilei Youth Chess Club"]
[WhiteFideId "8604070"]
[BlackFideId "4167570"]
[EventDate "2018.04.11"]

1. e4 c6 2. Nf3 d5 3. Nc3 Bg4 4. h3 Bxf3 5. Qxf3 e6 6. d4 dxe4 7. Qxe4 Nf6 8.
Qd3 Nd5 9. Ne4 Nd7 10. Be2 N7f6 11. c3 Nxe4 12. Qxe4 Bd6 13. O-O Qf6 14. g3
O-O-O 15. Qf3 Rhe8 16. Qxf6 Nxf6 17. Bf3 h6 18. h4 Kc7 19. Re1 a6 20. Kg2 Kc8
21. Bd2 Bc7 22. Rad1 Rd7 23. Bc1 Red8 24. Kg1 Kb8 25. Kg2 Kc8 26. Kg1 Kb8 27.
Kg2 Kc8 28. Kg1 1/2-1/2

[Event "TCh-CHN 2018"]
[Site "China CHN"]
[Date "2018.11.29"]
[Round "21.4"]
[Board "5"]
[White "Wang, Yu A."]
[Black "Ren, Xiaoyi"]
[Result "1/2-1/2"]
[WhiteTitle "IM"]
[WhiteElo "2303"]
[BlackElo "2256"]
[WhiteTeam "Beijing Beiao team"]
[BlackTeam "Chengdu Beilei Youth Chess Club"]
[WhiteFideId "8601097"]
[BlackFideId "8608709"]
[EventDate "2018.04.11"]

1. e4 e5 2. Nf3 Nf6 3. Nc3 Nc6 4. d4 exd4 5. Nxd4 Bc5 6. Be3 Nxd4 7. Bxd4 Bxd4
8. Qxd4 d6 9. O-O-O O-O 10. e5 Ng4 11. exd6 Qxd6 12. Qxd6 cxd6 13. Rd2 Rd8 14.
h3 Nf6 15. Be2 Bf5 16. Bf3 Rd7 17. g4 Be6 18. Rhd1 Rad8 19. Nb5 d5 20. Nd4 h6
21. c3 Rd6 22. Nb5 Rb6 23. Nd4 Rbd6 24. Bg2 Bd7 25. Nc2 Bc6 26. Ne3 R6d7 27. Nf5
Kf8 28. Nd4 Re8 29. f3 Rde7 30. Nf5 Re1 31. Rxe1 Rxe1+ 32. Rd1 Re2 33. Rd2 Re1+
34. Rd1 1/2-1/2

[Event "TCh-CHN 2018"]
[Site "China CHN"]
[Date "2018.11.29"]
[Round "21.5"]
[Board "1"]
[White "Jakovenko, Dmitry"]
[Black "Peng, Hongchi"]
[Result "1-0"]
[WhiteTitle "GM"]
[WhiteElo "2735"]
[BlackElo "2273"]
[WhiteTeam "Hangzhou Bank Team"]
[BlackTeam "Hebei sports lottery chess team"]
[WhiteFideId "4122356"]
[BlackFideId "8609047"]
[EventDate "2018.04.11"]

1. c4 Nf6 2. Nf3 g6 3. Nc3 Bg7 4. e4 O-O 5. d4 d6 6. Be2 e5 7. O-O Nc6 8. d5 Ne7
9. Ne1 Nd7 10. Nd3 f5 11. f3 f4 12. Bd2 g5 13. Rc1 Ng6 14. c5 Nxc5 15. Nxc5 dxc5
16. Nb1 Rf7 17. Rxc5 Bf8 18. Rc2 h5 19. Na3 Rg7 20. Nc4 g4 21. fxg4 Qg5 22. Nxe5
Qxe5 23. Bc3 Qxe4 24. Bxg7 Bxg7 25. Rc4 Qe3+ 26. Kh1 Ne5 27. Rc3 Qe4 28. gxh5
Bf5 29. Rxc7 Rd8 30. d6 Kh8 31. Qd2 Bh3 32. Rf2 Rg8 33. Bf1 Bh6 34. d7 Bg5 35.
Qc3 Qe3 36. Re2 Bxg2+ 37. Rxg2 f3 38. Rg3 Qe4 39. Rc4 Qf5 40. Rc5 Bf6 41. Rxg8+
Kxg8 42. d8=Q+ 1-0

[Event "TCh-CHN 2018"]
[Site "China CHN"]
[Date "2018.11.29"]
[Round "21.5"]
[Board "2"]
[White "Bai, Jinshi"]
[Black "Maghsoodloo, Parham"]
[Result "1/2-1/2"]
[WhiteTitle "GM"]
[BlackTitle "GM"]
[WhiteElo "2568"]
[BlackElo "2689"]
[WhiteTeam "Hangzhou Bank Team"]
[BlackTeam "Hebei sports lottery chess team"]
[WhiteFideId "8602280"]
[BlackFideId "12539929"]
[EventDate "2018.04.11"]

1. Nf3 Nf6 2. c4 e6 3. d4 a6 4. Nc3 d5 5. c5 b6 6. cxb6 cxb6 7. Bf4 Be7 8. e3
O-O 9. Bd3 Bb7 10. h3 Nbd7 11. O-O b5 12. a4 b4 13. Nb1 a5 14. Nbd2 Qb6 15. Qe2
Rfc8 16. Rfc1 Ne8 17. Ne5 Nxe5 18. Bxe5 Bd6 19. Nb3 Be7 20. Bb5 Nd6 21. Nc5 Bc6
22. Bxd6 Bxd6 23. Nd7 Bxd7 24. Bxd7 Rc7 25. Bb5 Rac8 26. Qd1 g6 27. Rxc7 Rxc7
28. Rc1 e5 29. Rxc7 Qxc7 30. dxe5 Bxe5 31. b3 Qc5 32. g4 d4 1/2-1/2

[Event "TCh-CHN 2018"]
[Site "China CHN"]
[Date "2018.11.29"]
[Round "21.5"]
[Board "3"]
[White "Ma, Qun"]
[Black "Wan, Yunguo"]
[Result "1-0"]
[WhiteTitle "GM"]
[BlackTitle "GM"]
[WhiteElo "2620"]
[BlackElo "2529"]
[WhiteTeam "Hangzhou Bank Team"]
[BlackTeam "Hebei sports lottery chess team"]
[WhiteFideId "8603154"]
[BlackFideId "8603189"]
[EventDate "2018.04.11"]

1. d4 Nf6 2. c4 g6 3. f3 d5 4. cxd5 Nxd5 5. e4 Nb6 6. Nc3 Bg7 7. Be3 O-O 8. Qd2
Nc6 9. O-O-O Qd6 10. Kb1 Rd8 11. Nb5 Qd7 12. d5 a6 13. Nc3 Qe8 14. Qc1 Na5 15.
Bf4 Rd7 16. Bh6 Bxh6 17. Qxh6 e6 18. h4 Qf8 19. Qxf8+ Kxf8 20. h5 g5 21. Nh3 h6
22. Nf2 Rd6 23. g4 Nac4 24. Bxc4 Nxc4 25. Rhe1 Ne5 26. Re3 c6 27. b3 Bd7 28. Nd3
Nxd3 29. Rexd3 exd5 30. exd5 cxd5 31. Ne4 Rb6 32. Rxd5 Bc6 33. Re5 Rb4 34. Kb2
Bxe4 35. fxe4 Re8 36. Rxe8+ Kxe8 37. Re1 Rb6 38. Kc3 Rf6 39. Kd4 Rf2 40. a4 Rg2
41. Kc5 Rxg4 42. Kb6 Rg3 43. Rb1 Re3 44. Kxb7 Rxe4 45. Kxa6 f5 46. b4 f4 47. a5
f3 48. b5 g4 49. b6 Kd7 50. b7 Re8 51. Kb6 f2 52. Rd1+ Ke6 53. a6 g3 54. a7 g2
55. a8=Q 1-0

[Event "TCh-CHN 2018"]
[Site "China CHN"]
[Date "2018.11.29"]
[Round "21.5"]
[Board "4"]
[White "Khademalsharieh, Sarasadat"]
[Black "Li, Ruofan"]
[Result "1-0"]
[WhiteTitle "IM"]
[BlackTitle "IM"]
[WhiteElo "2448"]
[BlackElo "2325"]
[WhiteTeam "Hebei sports lottery chess team"]
[BlackTeam "Hangzhou Bank Team"]
[WhiteFideId "12512214"]
[BlackFideId "8600643"]
[EventDate "2018.04.11"]

1. c4 e6 2. Nf3 d5 3. g3 Nf6 4. Bg2 dxc4 5. O-O Be7 6. Na3 c5 7. Nxc4 Nc6 8. b3
O-O 9. Bb2 Nd5 10. Rc1 b5 11. Nce5 Nxe5 12. Nxe5 Bb7 13. d4 Rc8 14. dxc5 Bxc5
15. Nd3 Be7 16. e4 Nf6 17. e5 Nd5 18. Nf4 Rxc1 19. Bxc1 Qb8 20. Nxd5 Bxd5 21.
Bf4 Rd8 22. Qg4 Bxg2 23. Kxg2 Ba3 24. Qf3 Rd5 25. Rd1 Qd8 26. Rxd5 Qxd5 27. Qxd5
exd5 28. Be3 a6 29. Bd4 h5 30. f4 g6 31. h3 Kf8 32. g4 hxg4 33. hxg4 Ke7 34. f5
gxf5 35. gxf5 Bb4 36. Kf3 Bd2 37. Ke2 Bb4 38. Kd3 Kd7 39. Be3 Kc6 40. Bh6 Ba3
41. e6 f6 42. Be3 Kd6 43. Bd4 Ke7 44. Ke3 Bd6 45. Kf3 Be5 46. Bc5+ Ke8 47. Bb4
Bb2 48. Kg4 Be5 49. Kh5 Bb2 50. Bd6 Bc3 51. Kg4 Bb2 52. Kf3 Kd8 53. Ke3 Ke8 54.
a4 Kd8 55. axb5 axb5 56. Kd3 Ke8 57. Kc2 Bd4 58. Kb1 Bc3 59. Ka2 Bd4 60. Ka3 Bc3
61. Bc5 Bd2 62. Bd4 Ke7 63. Kb2 Bf4 64. Bc5+ Ke8 65. Kc3 Be5+ 66. Kb4 d4 67.
Kxb5 d3 68. Be3 Bc3 69. b4 d2 70. Bxd2 Bxd2 71. Kc5 Kd8 72. b5 Bf4 73. Kc6 Be5
74. b6 Bd4 75. Kb7 Bc5 76. Ka6 Be3 77. b7 Bf4 78. Ka7 1-0

[Event "TCh-CHN 2018"]
[Site "China CHN"]
[Date "2018.11.29"]
[Round "21.5"]
[Board "5"]
[White "Zhai, Mo"]
[Black "Girya, Olga"]
[Result "0-1"]
[WhiteTitle "WGM"]
[BlackTitle "WGM"]
[WhiteElo "2352"]
[BlackElo "2481"]
[WhiteTeam "Hebei sports lottery chess team"]
[BlackTeam "Hangzhou Bank Team"]
[WhiteFideId "8600201"]
[BlackFideId "4195752"]
[EventDate "2018.04.11"]

1. d4 Nf6 2. c4 e6 3. Nc3 Bb4 4. Nf3 d5 5. e3 O-O 6. Bd2 b6 7. cxd5 exd5 8. Rc1
Bb7 9. Bd3 Re8 10. O-O Bf8 11. Ne5 c5 12. f4 Nc6 13. Be1 cxd4 14. exd4 Nxd4 15.
Bh4 Ne6 16. Bb5 Bc5+ 17. Kh1 d4 18. Bxe8 Qxe8 19. Bxf6 gxf6 20. Ng4 Kg7 21. Na4
h5 22. Nxc5 bxc5 23. Nxf6 Kxf6 24. Qxh5 Qh8 25. Qxh8+ Rxh8 26. f5 Ng5 27. Rxc5
Ne4 28. Rc7 Ng3+ 29. Kg1 Nxf1 30. Rxb7 Ne3 31. Rd7 Nxf5 32. g4 Ke6 33. Rxa7 Ne3
34. Ra6+ Ke5 35. Ra7 d3 36. Rd7 Nd5 0-1

[Event "TCh-CHN 2018"]
[Site "China CHN"]
[Date "2018.11.29"]
[Round "21.6"]
[Board "1"]
[White "Lu, Shanglei"]
[Black "Wang, Yue"]
[Result "1/2-1/2"]
[WhiteTitle "GM"]
[BlackTitle "GM"]
[WhiteElo "2636"]
[BlackElo "2683"]
[WhiteTeam "Zhejiang Chess Team"]
[BlackTeam "Tianjin Team"]
[WhiteFideId "8603332"]
[BlackFideId "8601429"]
[EventDate "2018.04.11"]

1. e4 e5 2. Nf3 Nf6 3. d4 Nxe4 4. Bd3 d5 5. Nxe5 Nd7 6. Nxd7 Bxd7 7. O-O Bd6 8.
Qh5 Qf6 9. Nc3 Qxd4 10. Be3 Qe5 11. Qxe5+ Bxe5 12. Nxd5 Nf6 13. Rae1 Nxd5 14.
Bd4 f6 15. f4 Nxf4 16. Rxf4 O-O 17. Bxe5 fxe5 18. Bc4+ Kh8 19. Rxf8+ Rxf8 20.
Rxe5 Re8 21. Rxe8+ Bxe8 22. Kf2 g5 23. Ke3 Kg7 24. Kd4 Kf6 25. g3 h6 26. a3 b6
27. b4 Bc6 28. Bd3 Ke6 29. c4 Bg2 30. c5 Bf3 1/2-1/2

[Event "TCh-CHN 2018"]
[Site "China CHN"]
[Date "2018.11.29"]
[Round "21.6"]
[Board "3"]
[White "Xu, Minghui"]
[Black "Dai, Changren"]
[Result "0-1"]
[BlackTitle "IM"]
[WhiteElo "2313"]
[BlackElo "2464"]
[WhiteTeam "Zhejiang Chess Team"]
[BlackTeam "Tianjin Team"]
[WhiteFideId "8606790"]
[BlackFideId "8608156"]
[EventDate "2018.04.11"]

1. d4 Nf6 2. c4 e6 3. Nf3 Bb4+ 4. Bd2 a5 5. g3 d5 6. Qc2 dxc4 7. Qxc4 b6 8. Bxb4
Ba6 9. Qb3 axb4 10. Qxb4 Nc6 11. Qd2 Bb7 12. Nc3 Nxd4 13. Qxd4 Qxd4 14. Nxd4
Bxh1 15. f3 e5 16. Ndb5 O-O-O 17. Bh3+ Kb7 18. Kf2 c6 19. Na3 b5 20. Nc2 Rd2 21.
Rc1 Rhd8 22. Kg1 Nd5 23. Ne4 Rxe2 24. Kxh1 Ne3 25. Nxe3 Rxe3 26. Nc5+ Kb6 27.
Rc2 Rd5 28. b4 Rxf3 29. Kg2 Ra3 30. Kf2 f6 31. Ne6 g6 32. Bg2 Rd6 33. Nc5 f5 0-1

[Event "TCh-CHN 2018"]
[Site "China CHN"]
[Date "2018.11.29"]
[Round "21.6"]
[Board "4"]
[White "Xiao, Yiyi"]
[Black "Ding, Yixin"]
[Result "1/2-1/2"]
[WhiteTitle "WFM"]
[BlackTitle "WGM"]
[WhiteElo "2295"]
[BlackElo "2429"]
[WhiteTeam "Tianjin Team"]
[BlackTeam "Zhejiang Chess Team"]
[WhiteFideId "8606161"]
[BlackFideId "8602972"]
[EventDate "2018.04.11"]

1. d4 Nf6 2. c4 e6 3. g3 Bb4+ 4. Nd2 d5 5. Bg2 O-O 6. Nf3 b6 7. O-O Bb7 8. cxd5
exd5 9. a3 Bd6 10. Ne5 Nbd7 11. Ndc4 Be7 12. Bf4 Nxe5 13. Nxe5 Nd7 14. Rc1 Nxe5
15. Bxe5 Bd6 16. Bxd6 Qxd6 17. Qc2 c6 18. Rfd1 h6 19. e4 dxe4 20. Bxe4 Rac8 21.
b4 a6 22. Qb3 Rfd8 23. a4 Rc7 24. a5 b5 25. Qc3 Qf6 26. Rd3 Rcd7 27. Rcd1 Rd6
28. Qc5 R8d7 29. Bg2 g6 30. h4 h5 31. Rf3 Qd8 32. Rf4 Re7 33. Rd3 Bc8 34. Re3
Be6 35. Qg5 Red7 36. Qh6 Qf8 37. Qg5 Qd8 38. Qh6 Qf8 39. Qg5 1/2-1/2

[Event "TCh-CHN 2018"]
[Site "China CHN"]
[Date "2018.11.29"]
[Round "21.6"]
[Board "5"]
[White "Khotenashvili, Bela"]
[Black "Zhu, Jiner"]
[Result "1-0"]
[WhiteTitle "GM"]
[BlackTitle "WIM"]
[WhiteElo "2477"]
[BlackElo "2379"]
[WhiteTeam "Tianjin Team"]
[BlackTeam "Zhejiang Chess Team"]
[WhiteFideId "13602640"]
[BlackFideId "8608059"]
[EventDate "2018.04.11"]

1. d4 Nf6 2. Bg5 g6 3. Bxf6 exf6 4. c4 f5 5. e3 Bg7 6. Nc3 O-O 7. g3 d6 8. Bg2
Nd7 9. Nge2 Nf6 10. Qd3 c6 11. b4 Re8 12. O-O Qe7 13. b5 Ne4 14. Rab1 h5 15. h4
g5 16. hxg5 Qxg5 17. Nxe4 fxe4 18. Bxe4 d5 19. cxd5 cxd5 20. Bh7+ Kh8 21. Nf4
Re6 22. Bf5 Rh6 23. Bxc8 Rxc8 24. Rbc1 Rd8 25. Kg2 h4 26. Rh1 Bf6 27. Rh3 Kg7
28. Rch1 Rdh8 29. Qb3 hxg3 30. Rxg3 Rxh1 31. Qxd5 Qxg3+ 32. Kxg3 R8h2 33. Kf3
Bh4 34. Nd3 b6 35. Qe5+ Bf6 36. Qg3+ Kh7 37. Qc7 1-0

[Event "TCh-CHN 2018"]
[Site "China CHN"]
[Date "2018.11.30"]
[Round "22.1"]
[Board "1"]
[White "Li, Shilong"]
[Black "Lan, Zilun"]
[Result "1-0"]
[WhiteTitle "GM"]
[WhiteElo "2498"]
[BlackElo "2333"]
[WhiteTeam "Guangdong Ding Xin High Tech Team"]
[BlackTeam "Zhejiang Chess Team"]
[WhiteFideId "8600678"]
[BlackFideId "8604193"]
[EventDate "2018.04.11"]

1. d4 Nf6 2. c4 e6 3. g3 Bb4+ 4. Bd2 Qe7 5. Bg2 Nc6 6. e3 O-O 7. Ne2 Bxd2+ 8.
Nxd2 d5 9. O-O Rd8 10. Qb3 Nb4 11. Rac1 c6 12. Nf4 Rb8 13. Rfd1 Bd7 14. a3 Na6
15. Nd3 Be8 16. Qa2 Nd7 17. b4 Nc7 18. Qb2 f6 19. e4 dxc4 20. Nxc4 Nb6 21. Ne3
Bf7 22. Nc5 Nd7 23. Nb3 Nb6 24. h3 Na4 25. Qa1 Qf8 26. e5 Nd5 27. Nc4 Nab6 28.
Nd6 Nc8 29. Nc4 Ncb6 30. Nba5 Nxc4 31. Nxc4 Bh5 32. Re1 Nb6 33. Nd6 Nc8 34. Ne4
f5 35. Nc5 Qe7 36. Qa2 Kf7 37. Nd3 g5 38. Qb2 Qd7 39. Nc5 Qe7 40. b5 cxb5 41. d5
exd5 42. e6+ Kg8 43. Nd7 Rxd7 44. exd7 Qxd7 45. Bxd5+ Bf7 46. Rc7 1-0

[Event "TCh-CHN 2018"]
[Site "China CHN"]
[Date "2018.11.30"]
[Round "22.1"]
[Board "2"]
[White "Liang, Jinrong"]
[Black "Xu, Minghui"]
[Result "1-0"]
[WhiteTitle "GM"]
[WhiteElo "2452"]
[BlackElo "2313"]
[WhiteTeam "Guangdong Ding Xin High Tech Team"]
[BlackTeam "Zhejiang Chess Team"]
[WhiteFideId "8600066"]
[BlackFideId "8606790"]
[EventDate "2018.04.11"]

1. e4 e5 2. Nf3 Nc6 3. Bb5 a6 4. Ba4 Nf6 5. O-O Be7 6. Re1 b5 7. Bb3 d6 8. c3
O-O 9. h3 Re8 10. d4 Bb7 11. Nbd2 Bf8 12. d5 Nb8 13. Nf1 Nbd7 14. Ng3 Nc5 15.
Bc2 c6 16. b4 Ncd7 17. dxc6 Bxc6 18. Bb3 h6 19. Nh2 a5 20. a3 Qc7 21. Ng4 Qb7
22. Qf3 d5 23. Bxh6 dxe4 24. Qf5 Bd5 25. Bxd5 Nxd5 26. Nxe4 gxh6 27. Qxd7 Qxd7
28. Ngf6+ Kg7 29. Nxd7 Rad8 30. Nxf8 Kxf8 31. bxa5 Ra8 32. a4 b4 33. cxb4 Nxb4
34. Rab1 Nc6 35. Rec1 Re6 36. Nc5 Rg6 37. a6 Kg7 38. Rb6 Nb8 39. Rxg6+ fxg6 40.
a5 Kf7 41. Rb1 Nc6 42. Rb7+ Kg8 43. Rb6 1-0

[Event "TCh-CHN 2018"]
[Site "China CHN"]
[Date "2018.11.30"]
[Round "22.1"]
[Board "3"]
[White "Xu, Yinglun"]
[Black "Lu, Shanglei"]
[Result "1/2-1/2"]
[WhiteTitle "GM"]
[BlackTitle "GM"]
[WhiteElo "2531"]
[BlackElo "2636"]
[WhiteTeam "Guangdong Ding Xin High Tech Team"]
[BlackTeam "Zhejiang Chess Team"]
[WhiteFideId "8604940"]
[BlackFideId "8603332"]
[EventDate "2018.04.11"]

1. d4 e6 2. c4 Nf6 3. Nf3 d5 4. g3 dxc4 5. Bg2 c5 6. O-O Nc6 7. dxc5 Qxd1 8.
Rxd1 Bxc5 9. Nbd2 c3 10. bxc3 O-O 11. Nb3 Be7 12. Nfd4 Bd7 13. Bg5 Rfd8 14. Bxf6
Bxf6 15. Nc5 Na5 16. Ndb3 Nxb3 17. axb3 Bxc3 18. Bxb7 Bxa1 19. Bxa8 Rxa8 20.
Rxd7 a5 21. Kg2 h6 22. Kf3 Bc3 23. Rc7 Bb4 24. h4 Bxc5 25. Rxc5 Rb8 26. Rxa5
Rxb3+ 27. e3 g6 28. Ra4 Kg7 29. Ra5 h5 30. Ra7 Rb2 31. Rc7 1/2-1/2

[Event "TCh-CHN 2018"]
[Site "China CHN"]
[Date "2018.11.30"]
[Round "22.1"]
[Board "4"]
[White "Zhu, Jiner"]
[Black "Gong, Qianyun"]
[Result "1-0"]
[WhiteTitle "WIM"]
[BlackTitle "WGM"]
[WhiteElo "2379"]
[BlackElo "2312"]
[WhiteTeam "Zhejiang Chess Team"]
[BlackTeam "Guangdong Ding Xin High Tech Team"]
[WhiteFideId "8608059"]
[BlackFideId "8602425"]
[EventDate "2018.04.11"]

1. e4 e6 2. d4 d5 3. Bd3 c5 4. exd5 exd5 5. dxc5 Bxc5 6. Nf3 Nf6 7. O-O O-O 8.
Bg5 Nc6 9. Nc3 d4 10. Bxf6 Qxf6 11. Ne4 Qe7 12. Re1 h6 13. Bb5 Rd8 14. Bxc6 bxc6
15. Nxc5 Qxc5 16. Re4 Rb8 17. b3 Bf5 18. Rxd4 Rxd4 19. Qxd4 Qxc2 20. Qxa7 Rd8
21. Qe3 Be4 22. Rc1 Bxf3 23. gxf3 Qxa2 24. Rxc6 Rd1+ 25. Kg2 Qa1 26. Qe8+ Kh7
27. Qe4+ g6 28. Qc4 Rg1+ 29. Kh3 Kg7 30. Qc3+ Qxc3 31. Rxc3 g5 32. Rc4 h5 33. b4
Rb1 34. Kg2 Kh7 35. h3 Rb3 36. f4 g4 37. hxg4 hxg4 38. f5 Rf3 39. Rxg4 Rxf5 40.
Kf1 Rb5 41. Ke2 f5 42. Rd4 Kg6 43. Kd3 Kf6 44. Kc4 Re5 45. b5 Re2 46. f4 1-0

[Event "TCh-CHN 2018"]
[Site "China CHN"]
[Date "2018.11.30"]
[Round "22.1"]
[Board "5"]
[White "Ding, Yixin"]
[Black "Li, Xueyi"]
[Result "1-0"]
[WhiteTitle "WGM"]
[WhiteElo "2429"]
[BlackElo "2187"]
[WhiteTeam "Zhejiang Chess Team"]
[BlackTeam "Guangdong Ding Xin High Tech Team"]
[WhiteFideId "8602972"]
[BlackFideId "8605912"]
[EventDate "2018.04.11"]

1. Nf3 d5 2. d4 Nf6 3. g3 c6 4. Bg2 Bf5 5. O-O h6 6. c4 e6 7. Qb3 Qb6 8. c5 Qxb3
9. axb3 Nbd7 10. b4 Be7 11. Nc3 Ne4 12. Nd2 Nxc3 13. bxc3 O-O 14. e4 dxe4 15.
Nxe4 a6 16. Re1 Nf6 17. Nd2 Rad8 18. Nc4 Nd5 19. Bd2 Rd7 20. Rac1 Nc7 21. Bf4
Nd5 22. Bxd5 cxd5 23. Nb6 Rdd8 24. Bc7 Rde8 25. Re3 Bg5 26. f4 Be7 27. c4 Be4
28. b5 f5 29. bxa6 bxa6 30. cxd5 exd5 31. Be5 Bd8 32. Ra3 Rf7 33. Rxa6 Rb7 34.
Ra8 Kf7 35. Nc8 Be7 36. c6 Rb2 37. c7 Rg2+ 38. Kf1 Rxh2 39. Rc6 Rh1+ 40. Kf2
Rh2+ 41. Ke3 Rg2 42. Nd6+ Bxd6 43. Rxe8 Bxc7 44. Ra8 Rxg3+ 45. Kf2 Rg2+ 46. Kf1
Bxe5 47. fxe5 Rc2 48. e6+ Ke7 49. Ra7+ Kf6 50. Rb6 Bd3+ 51. Kg1 Re2 52. e7+ Kg5
53. Rb8 Re1+ 54. Kf2 Re2+ 55. Kf3 Rc2 56. Rf8 Be4+ 57. Ke3 f4+ 58. Rxf4 Rc3+ 59.
Kd2 Rd3+ 60. Ke2 Kxf4 61. e8=Q Re3+ 62. Kd2 Rd3+ 63. Kc1 Rxd4 64. Qf8+ Ke3 65.
Qc5 g5 66. Ra4 1-0

[Event "TCh-CHN 2018"]
[Site "China CHN"]
[Date "2018.11.30"]
[Round "22.2"]
[Board "1"]
[White "Li, Yankai"]
[Black "Ma, Qun"]
[Result "0-1"]
[BlackTitle "GM"]
[WhiteElo "2427"]
[BlackElo "2620"]
[WhiteTeam "Tianjin Team"]
[BlackTeam "Hangzhou Bank Team"]
[WhiteFideId "8609357"]
[BlackFideId "8603154"]
[EventDate "2018.04.11"]

1. d4 d5 2. c4 e6 3. Nc3 a6 4. cxd5 exd5 5. Bf4 Nf6 6. e3 Bd6 7. Bxd6 Qxd6 8.
Bd3 Nc6 9. Nge2 Ne7 10. Qc2 g6 11. f3 c5 12. dxc5 Qxc5 13. Nd4 Bd7 14. O-O Nc6
15. Qf2 Ne5 16. Rfd1 O-O 17. Rac1 Qb6 18. b3 Rfe8 19. Bb1 Rad8 20. Nce2 a5 21.
a4 Re7 22. Rc3 Rde8 23. h3 Nc6 24. Rdc1 Kg7 25. Kh1 Qb4 26. Nc2 Qd6 27. Ne1 d4
28. Nxd4 Nxd4 29. Rd3 Qa3 30. Rc4 Nc6 0-1

[Event "TCh-CHN 2018"]
[Site "China CHN"]
[Date "2018.11.30"]
[Round "22.2"]
[Board "2"]
[White "Dai, Changren"]
[Black "Jakovenko, Dmitry"]
[Result "0-1"]
[WhiteTitle "IM"]
[BlackTitle "GM"]
[WhiteElo "2464"]
[BlackElo "2735"]
[WhiteTeam "Tianjin Team"]
[BlackTeam "Hangzhou Bank Team"]
[WhiteFideId "8608156"]
[BlackFideId "4122356"]
[EventDate "2018.04.11"]

1. e4 c5 2. Nf3 d6 3. d4 cxd4 4. Nxd4 Nf6 5. Nc3 a6 6. Be3 e5 7. Nb3 Be6 8. f3
h5 9. Nd5 Bxd5 10. exd5 Nbd7 11. Qd2 Qc7 12. O-O-O Be7 13. Kb1 Nb6 14. Qa5 Bd8
15. c3 Rc8 16. Bxb6 Qxb6 17. Qa4+ Kf8 18. g3 Rc7 19. Bh3 h4 20. f4 Re7 21. Bf5
e4 22. Bh3 hxg3 23. hxg3 Qf2 24. Qb4 e3 25. Bg4 Rxh1 26. Rxh1 Kg8 27. Qxd6 e2
28. Bxe2 Qxe2 29. Rc1 Qe4+ 30. Ka1 Qxd5 31. Qxd5 Nxd5 32. Rd1 Bb6 0-1

[Event "TCh-CHN 2018"]
[Site "China CHN"]
[Date "2018.11.30"]
[Round "22.2"]
[Board "3"]
[White "Wang, Yue"]
[Black "Gao, Rui"]
[Result "1-0"]
[WhiteTitle "GM"]
[BlackTitle "GM"]
[WhiteElo "2683"]
[BlackElo "2546"]
[WhiteTeam "Tianjin Team"]
[BlackTeam "Hangzhou Bank Team"]
[WhiteFideId "8601429"]
[BlackFideId "8602387"]
[EventDate "2018.04.11"]

1. Nf3 d5 2. d4 Nf6 3. c4 c6 4. Qb3 dxc4 5. Qxc4 Bf5 6. g3 Nbd7 7. Bg2 e6 8. O-O
Be7 9. e3 O-O 10. Rd1 Qc7 11. Nc3 e5 12. h3 Rad8 13. Qe2 Ne4 14. Nxe4 Bxe4 15.
Nxe5 Bxg2 16. Nxd7 Rxd7 17. Kxg2 c5 18. b3 cxd4 19. exd4 Bf6 20. Be3 Re8 21.
Rac1 Qa5 22. Rc5 Qd8 23. Qf3 b6 24. Rc2 Rd5 25. Rdc1 Rd7 26. d5 Qa8 27. Rd1 Red8
28. Rcd2 Be5 29. h4 Qc8 30. Bg5 Re8 31. Re2 f6 32. Bc1 Red8 33. Be3 Qb7 34. Red2
Rf8 35. h5 f5 36. Re2 Qc7 37. Bc1 f4 38. g4 Bd6 39. Bb2 Qd8 40. Re6 Qg5 41. h6
g6 42. Bg7 Rc8 43. Rde1 Qh4 44. Rh1 Qd8 45. Qe4 Bf8 46. Bf6 Qc7 47. Rc6 f3+ 48.
Kh3 Rf7 49. Rxc7 Rcxc7 50. g5 Bxh6 51. d6 Rcd7 52. gxh6 1-0

[Event "TCh-CHN 2018"]
[Site "China CHN"]
[Date "2018.11.30"]
[Round "22.2"]
[Board "4"]
[White "Li, Ruofan"]
[Black "Khotenashvili, Bela"]
[Result "0-1"]
[WhiteTitle "IM"]
[BlackTitle "GM"]
[WhiteElo "2325"]
[BlackElo "2477"]
[WhiteTeam "Hangzhou Bank Team"]
[BlackTeam "Tianjin Team"]
[WhiteFideId "8600643"]
[BlackFideId "13602640"]
[EventDate "2018.04.11"]

1. d4 Nf6 2. c4 g6 3. Nc3 d5 4. Bf4 Bg7 5. Rc1 Nh5 6. Bg5 h6 7. Bh4 c5 8. dxc5
d4 9. Nd5 g5 10. e4 e6 11. b4 exd5 12. exd5 Qe7+ 13. Kd2 Nf6 14. Bg3 Ne4+ 15.
Kc2 a5 16. a3 axb4 17. axb4 Bf5 18. Bd3 Ra2+ 19. Kb1 Rd2 20. Qa4+ Qd7 21. Qa7
O-O 22. Nf3 Rxd3 23. Bxb8 Nxf2 24. Kb2 Re3 25. Rhd1 d3+ 26. Ka2 Nxd1 27. Rxd1
Qc8 28. Bg3 Qa8 29. Qa5 Re2+ 30. Ka3 g4 31. Nd2 Bc3 32. Nb3 d2 33. Bf4 Bc2 34.
Rxd2 Bxd2 35. Nxd2 Rxg2 36. Qxa8 Rxa8+ 37. Kb2 Bf5 38. b5 Rf2 39. Be3 Rxh2 40.
b6 Re8 41. Bf4 Rf2 42. Bxh6 g3 43. c6 g2 0-1